Death Note Characters - Statistics

General Stats
  • This quiz has been taken 589 times
  • The average score is 10 of 24
Answer Stats
Picture Answer % Correct
Light Yagami
100%
L Lawliet
100%
Misa Amane
83%
Ryuk
78%
Near
70%
Rem
64%
Mello
63%
Watari
51%
Touta Matsuda
47%
Naomi Misora
44%
Teru Mikami
38%
Lind L. Tailor
37%
Shuichi Aizawa
28%
Raye Penber
26%
Kiyomi Takada
23%
Kyosuke Higuchi
22%
Kanzo Mogi
19%
Aiber
14%
Wedy
13%
Stephen Gevanni
10%
Hitoshi Demegawa
9%
Sidoh
9%
Reiji Namikawa
6%
Halle Lidner
5%
No matching quizzes found
Score Distribution
Percent of People with Each Score
Percentile by Number Answered
Your Score History
You have not taken this quiz